All Pokemon Games 2023 - Statistics

General Stats
  • This quiz has been taken 19 times
  • The average score is 26 of 62
Answer Stats
Hint Pokémon Game % Correct
Gen 1 Pokemon Blue
94%
Gen 1 Pokemon Red
94%
Gen 1 Pokemon Green
89%
Gen 2 Pokemon Gold
83%
Gen 2 Pokemon Silver
83%
Gen 6 Pokemon Y
83%
Gen 8 Pokemon Shield
78%
Gen 4 Pokemon SoulSilver
78%
Gen 8 Pokemon Sword
78%
Gen 6 Pokemon X
78%
Gen 4 Pokemon Pearl
72%
Gen 1 Pokemon Yellow
72%
Gen 2 Pokemon Crystal
67%
Gen 4 Pokemon Diamond
67%
Gen 4 Pokemon HeartGold
67%
Gen 7 Pokemon Moon
67%
Gen 7 Pokemon Sun
67%
Gen 5 Pokemon Black
61%
Gen 5 Pokemon Black 2
61%
Gen 3 Pokemon FireRed
61%
Gen 3 Pokemon LeafGreen
61%
Gen 3 Pokemon Ruby
61%
Gen 9 Pokemon Scarlet
61%
Gen 5 Pokemon White
61%
Gen 5 Pokemon White 2
61%
Gen 3 Pokemon Emerald
56%
Gen 3 Pokemon Sapphire
56%
Gen 7 Pokemon Ultra Moon
56%
Gen 7 Pokemon Ultra Sun
56%
Gen 6 Pokemon Omega Ruby
50%
Gen 8 Pokemon Shining Pearl
50%
Gen 9 Pokemon Violet
50%
Gen 6 Pokemon Alpha Sapphire
44%
Gen 8 Pokemon Brilliant Diamond
39%
Gen 7 Pokemon Let's Go Pikachu
39%
Gen 1 Pokemon Snap
39%
Gen 3 Pokemon Colosseum
33%
Gen 8 Pokemon Legends: Arceus
33%
Gen 7 Pokemon Let's Go Eevee
28%
Gen 1 Pokemon Stadium
28%
Gen 1 Pokemon Pinball
17%
Gen 2 Pokemon Stadium 2
17%
Gen 8 New Pokemon Snap
11%
Gen 4 Pokemon Platnium
11%
Gen 3 Pokemon Ranger
11%
Gen 4 Pokemon Rumble
11%
Gen 6 Pokemon Bank
6%
Gen 4 Pokemon Battle Revolution
6%
Gen 4 Pokemon Ranger: Shadows of Almia
6%
Gen 6 Pokemon Battle Trozei
0%
Gen 4 Pokemon Battrio
0%
Gen 5 Pokemon Conquest
0%
Gen 3 Pokemon Dash
0%
Gen 5 Pokemon Dream Radar
0%
Gen 2 Pokemon Puzzle Challenge
0%
Gen 2 Pokemon Puzzle League
0%
Gen 4 Pokemon Ranger: Guardian Signs
0%
Gen 5 Pokemon Rumble Blast
0%
Gen 5 Pokemon Rumble U
0%
Gen 5 Pokemon Tretta
0%
Gen 3 Pokemon Trozei
0%
Gen 3 Pokemon XD: Gale of Darkenss
0%
No matching quizzes found
Score Distribution
Percent of People with Each Score
Percentile by Number Answered
Your Score History
You have not taken this quiz